[Event "Stay Safe Play From Home 232"]
[Site "Emanuel Lasker Arena"]
[Date "2020.06.17"]
[Round "6"]
[White "Bardellosport"]
[Black "Lamborghini"]
[Result "0-1"]
[WhiteElo "2097"]
[BlackElo "2245"]
[Annotator "TA"]
[PlyCount "84"]
[EventDate "2020.06.17"]
[EventType "swiss (blitz)"]

{[%evp 9,84,-37,-25,-37,-40,-41,-20,-72,-54,-100,-92,-93,-102,-132,-116,-113,-6,-27,-59,-73,-56,-75,-64,-152,-80,-182,0,-50,33,-279,0,-9,67,-53,16,14,0,0,88,-302,-202,-268,1969,1827,1822,-69,-52,-64,-51,-64,-18,-251,-72,-314,-291,-293,67,-1694,-1275,-1601,-1579,-29987,-238,-502,-451,-928,-870,-2178,-1288,-5606,-1947,-29979,-29978,-5293,-2345,-29997,-29998]} 1. d4 Nf6 2. e3 g6 3. f4 Bg7 4. Nf3 O-O 5. Bc4 d6 {[#]} 6. Qe2 $146 {A45: Trompowsky Attack.} ({Predecessor:} 6. O-O Nbd7 7. Qe1 c5 8. c3 e6 9. Nbd2 b6 10. Qg3 Bb7 11. Ng5 Qe7 12. b3 h6 13. Ngf3 {0-1 (31) Skvortsov,A (2076)-Timerkhanov,A (2367) Kirov 2018}) 6... c5 {...d5 is the strong threat.} 7. c3 a6 8. a3 (8. O-O $11) 8... b5 9. Ba2 Bb7 10. Nbd2 Nbd7 $36 {[%mdl 2048] Black has strong initiative.} 11. e4 cxd4 12. cxd4 {[#]} e5 $1 {[%mdl 512]} 13. fxe5 $11 (13. dxe5 Nh5) 13... dxe5 14. d5 Ne8 15. Nb3 Nd6 16. Be3 ({White should play} 16. O-O $15) 16... Rc8 ({Black should try} 16... Nxe4 17. Rd1 Nd6) 17. O-O (17. Nbd2 $17 {keeps fighting.}) 17... Qe7 $2 (17... Nxe4 $19 18. Nbd2 Nd6) 18. Rac1 h6 (18... Nxe4 $15 19. Na5 Ndf6 20. Rxc8 Rxc8 21. Nxb7 Qxb7 22. Nxe5 Re8) 19. Qf2 $2 {[%mdl 8192]} (19. Nfd2 $14 {stays ahead.}) 19... f5 $2 (19... Nxe4 $19 20. Qh4 Qxh4 21. Nxh4 Bxd5) 20. exf5 gxf5 (20... Nxf5 $2 21. Nc5 $16) (20... Rxc1 $11 21. Rxc1 Bxd5) 21. Bc5 (21. Na5 $14 Rxc1 22. Rxc1) 21... e4 (21... Bxd5 $15 22. Bb4 Qe6) 22. Bxd6 Qxd6 23. Nfd4 $1 Ne5 (23... Qxd5 $2 24. Rxc8 Rxc8 25. Nc1 $18 (25. Nxf5 Kh8 $16)) (23... Rxc1 $11 {keeps the balance.} 24. Nxc1 Bxd4 25. Qxd4 Ne5) 24. Ne6 $2 {[%mdl 8192]} (24. Nxf5 $16 Rxc1 25. Nxc1) 24... Nd3 (24... Bxd5 25. Nxf8 Rxf8 26. Qc5 $17) 25. Qg3 {[%csl Ge6][%cal Rg3g7]} Rf7 $4 {[%mdl 8192]} (25... Qxg3 $19 26. hxg3 Nxc1 27. Nxc1 Rf7) 26. Rxc8+ $18 Bxc8 27. Nbd4 $2 (27. Qxd6 $18 Bd7 28. Nxg7 Kxg7 29. Bb1) 27... Qxg3 $15 28. hxg3 Bxe6 ({Don't play} 28... Nxb2 29. Nxf5 Bf8 30. g4 $14) 29. Nxe6 {Hoping for d6.} Bxb2 {Strongly threatening ...Nc1.} 30. g4 $2 (30. d6 $11 Kh8 31. Nc5 $1 {[%mdl 512]}) 30... f4 $2 (30... fxg4 31. d6 $15) (30... Nc1 $19 {and Black stays clearly on top.} 31. gxf5 Nxa2) 31. g3 $2 (31. d6 $17 Kh8 {[#]} 32. Nc5 $1 {[%mdl 512]} Bd4+ 33. Kh2 Bxc5 34. Bxf7) 31... f3 $19 (31... Bxa3 32. d6 $17) 32. d6 {And now Nd8 would win.} Bxa3 $2 ({But not} 32... f2+ 33. Kg2 $19) (32... Kh8 $19 33. Nf4 Rf6) 33. Ng5 $2 {[%mdl 8192]} ({Weaker is} 33. d7 Rxd7 34. Nc5+ Kg7 $17) (33. Nd8 $14 Bc5+ 34. Kh2) 33... Bc5+ 34. Kh2 hxg5 35. Bxf7+ {[%mdl 4096] Endgame KRB-KBN} Kf8 $2 (35... Kxf7 {mates} 36. Rb1 Bxd6 37. Rd1 Bc5 38. Rf1 Ke6 39. Kh3 e3 40. Rxf3 e2 41. Rxd3 e1=Q 42. Rd2 Qf1+ 43. Rg2 b4 44. Kh2 b3 45. Rd2 Bg1+ 46. Kh1 Bf2+ {[%mdl 64] Discovered Attack} 47. Kh2 Qg1+ {[%mdl 64] Double Attack} 48. Kh3 Qxg3#) 36. Be6 $2 (36. Bg6 {might work better.} Nf2 37. Rxf2 Bxf2 38. Bxe4) 36... Bxd6 37. Bf5 (37. Bd5 $142 Nc5 38. Kg1) 37... Nc5 38. Rc1 b4 39. Rd1 Ke7 (39... e3 $142 40. Bd3 Nxd3 41. Rxd3 Bc5) 40. Rd5 b3 41. Rd1 b2 (41... e3 $142 42. Re1 e2) 42. Ra1 bxa1=Q {Accuracy: White = 21%, Black = 29%.} 0-1

[Event "Stay Safe Play From Home 232"]
[Site "Emanuel Lasker Arena"]
[Date "2020.06.17"]
[Round "6"]
[White "Fischer_11"]
[Black "Lazieri3"]
[Result "1/2-1/2"]
[WhiteElo "2035"]
[BlackElo "2085"]
[Annotator "NA RC"]
[PlyCount "143"]
[EventDate "2020.06.17"]
[EventType "swiss (blitz)"]

1. e4 {[%emt 0:00:01]} c6 {[%emt 0:00:00]} 2. d4 {[%emt 0:00:01]} d5 {[%emt 0:00:00]} 3. exd5 {[%emt 0:00:00]} cxd5 {[%emt 0:00:01]} 4. c4 {[%emt 0:00:00]} Nc6 {[%emt 0:00:00]} 5. cxd5 {[%emt 0:00:01]} Qxd5 {[%emt 0:00:01]} 6. Nf3 {[%emt 0:00:00]} Qd8 {[%emt 0:00:00]} 7. Nc3 {[%emt 0:00:00]} e6 {[%emt 0:00:01]} 8. d5 {[%emt 0:00:00]} exd5 {[%emt 0:00:01]} 9. Qxd5 {[%emt 0:00:00]} Qxd5 {[%emt 0:00:01]} 10. Nxd5 {[%emt 0:00:00]} Bd6 {[%emt 0:00:01]} 11. Bb5 {[%emt 0:00:02]} Be6 {[%emt 0:00:01]} 12. Nf4 {[%emt 0:00:02]} Bb4+ {[%emt 0:00:02]} 13. Ke2 {[%emt 0:00:02]} Bg4 {[%emt 0:00:03]} 14. h3 {[%emt 0:00:01]} Bxf3+ {[%emt 0:00:01]} 15. Kxf3 {[%emt 0:00:00]} Nf6 {[%emt 0:00:02]} 16. Bxc6+ {[%emt 0:00:02]} bxc6 {[%emt 0:00:01]} 17. a3 {[%emt 0:00:01]} Ba5 {[%emt 0:00:03]} 18. b4 {[%emt 0:00:01]} Bb6 {[%emt 0:00:00]} 19. Re1+ {[%emt 0:00:00]} Kf8 {[%emt 0:00:01]} 20. Bb2 {[%emt 0:00:01]} Nd5 {[%emt 0:00:03]} 21. Nxd5 {[%emt 0:00:02]} cxd5 {[%emt 0:00:00]} 22. Rad1 {[%emt 0:00:02]} Rd8 {[%emt 0:00:01]} 23. Bd4 {[%emt 0:00:02]} f6 {[%emt 0:00:01]} 24. Bxb6 {[%emt 0:00:04]} axb6 {[%emt 0:00:00]} 25. Re6 {[%emt 0:00:00]} Rb8 {[%emt 0:00:03]} 26. Rxd5 {[%emt 0:00:02]} Kf7 {[%emt 0:00:01]} 27. Rc6 {[%emt 0:00:01]} Rhe8 {[%emt 0:00:02]} 28. Rb5 {[%emt 0:00:04]} Re7 {[%emt 0:00:00]} 29. Rcxb6 {[%emt 0:00:01]} Rd8 {[%emt 0:00:02]} 30. Rb7 {[%emt 0:00:01]} Rd3+ {[%emt 0:00:01]} 31. Kg4 {[%emt 0:00:04]} Rxa3 {[%emt 0:00:00]} 32. Rxe7+ {[%emt 0:00:02]} Kxe7 {[%emt 0:00:00]} 33. Rb7+ {[%emt 0:00:00]} Kf8 {[%emt 0:00:01]} 34. f3 {[%emt 0:00:00]} Ra2 {[%emt 0:00:02]} 35. Kg3 {[%emt 0:00:00]} Rb2 {[%emt 0:00:01]} 36. b5 {[%emt 0:00:00]} h5 {[%emt 0:00:01]} 37. h4 {[%emt 0:00:00]} Kg8 {[%emt 0:00:01]} 38. Kh3 {[%emt 0:00:00]} Kh7 {[%emt 0:00:01]} 39. g4 {[%emt 0:00:01]} Rb3 {[%emt 0:00:02]} 40. Kg3 {[%emt 0:00:01]} hxg4 {[%emt 0:00:01]} 41. Kxg4 {[%emt 0:00:00]} Rb4+ {[%emt 0:00:01]} 42. f4 {[%emt 0:00:01]} Rb3 {[%emt 0:00:01]} 43. h5 {[%emt 0:00:01]} Kh6 {[%emt 0:00:01]} 44. Rb8 {[%emt 0:00:02]} Kh7 {[%emt 0:00:04]} 45. Kf5 {[%emt 0:00:01]} Rb1 {[%emt 0:00:03]} 46. Ke6 {[%emt 0:00:02]} Rh1 {[%emt 0:00:03]} 47. b6 {[%emt 0:00:02]} Rxh5 {[%emt 0:00:01]} 48. b7 {[%emt 0:00:00]} Rb5 {[%emt 0:00:01]} 49. Kd6 {[%emt 0:00:01]} Rb1 {[%emt 0:00:01]} 50. Kc6 {[%emt 0:00:00]} Rc1+ {[%emt 0:00:01]} 51. Kb6 {[%emt 0:00:01]} Rb1+ {[%emt 0:00:00]} 52. Kc7 {[%emt 0:00:00]} Rc1+ {[%emt 0:00:00]} 53. Kd7 {[%emt 0:00:00]} Rb1 {[%emt 0:00:00]} 54. Rc8 {[%emt 0:00:01]} Rxb7+ {[%emt 0:00:01]} 55. Rc7 {[%emt 0:00:00]} Rxc7+ {[%emt 0:00:00]} 56. Kxc7 {[%emt 0:00:00]} Kg6 {[%emt 0:00:00]} 57. Kd6 {[%emt 0:00:01]} Kf5 {[%emt 0:00:00]} 58. Ke7 {[%emt 0:00:01]} Kxf4 {[%emt 0:00:00]} 59. Kf7 {[%emt 0:00:00]} g5 {[%emt 0:00:00]} 60. Kg6 {[%emt 0:00:00]} g4 {[%emt 0:00:00]} 61. Kh5 {[%emt 0:00:00]} g3 {[%emt 0:00:00]} 62. Kg6 {[%emt 0:00:00]} g2 {[%emt 0:00:00]} 63. Kf7 {[%emt 0:00:00]} g1=Q {[%emt 0:00:00]} 64. Ke7 {[%emt 0:00:00]} Qg4 {[%emt 0:00:00]} 65. Kd8 {[%emt 0:00:00]} f5 {[%emt 0:00:00]} 66. Kc7 {[%emt 0:00:00]} Kg3 {[%emt 0:00:00]} 67. Kb6 {[%emt 0:00:00]} f4 {[%emt 0:00:00]} 68. Kb5 {[%emt 0:00:00]} f3 {[%emt 0:00:00]} 69. Kc5 {[%emt 0:00:00]} f2 {[%emt 0:00:00]} 70. Kd5 {[%emt 0:00:00]} f1=Q {[%emt 0:00:00]} 71. Kd6 {[%emt 0:00:00]} Qff5 {[%emt 0:00:00]} 72. Kc7 {[%emt 0:00:00] Time (Lag: Av=0.34s, max=0.5s)} 1/2-1/2

[Event "Stay Safe Play From Home 232"]
[Site "Emanuel Lasker Arena"]
[Date "2020.06.17"]
[Round "6"]
[White "Position"]
[Black "Mepe_Nika"]
[Result "0-1"]
[WhiteElo "1986"]
[BlackElo "2319"]
[Annotator "TA"]
[PlyCount "92"]
[EventDate "2020.06.17"]
[EventType "swiss (blitz)"]

{[%evp 9,92,5,8,7,25,17,32,22,36,0,0,0,0,-13,14,10,4,-64,-69,-103,-92,-384,-225,-761,-733,-1752,-291,-365,-22,-20,-12,-13,-14,-15,18,-38,0,0,57,22,102,42,50,19,43,0,0,-5,-4,-7,0,-62,-68,-115,-76,-98,-53,-205,-192,-205,-200,-304,-305,-376,-292,-358,-214,-422,-210,-243,-160,-931,-893,-2452,-2048,-29989,-29982,-29973,-746,-29976,-29977,-29990,-29991,-29997,-29998]} 1. e3 c5 2. d4 cxd4 3. exd4 d5 4. Nf3 Nc6 5. h3 Nf6 6. Bd3 {B13: Caro-Kann: Exchange Variation and Panov-Botvinnik Attack.} e6 7. O-O {[#]} b6 $146 ({Predecessor:} 7... Bd6 8. Re1 h6 9. c3 O-O 10. Ne5 Nd7 11. Qh5 Qf6 12. Ng4 Qe7 13. Bxh6 f5 {1-0 (59) Idjeri,Y (1904)-Omari,W (1234) Tipaza 2019}) 8. Re1 {White is slightly better.} Bb7 9. b3 Bd6 10. Bb2 O-O 11. c3 Ne7 12. Nbd2 Ng6 13. Nf1 (13. g3 $11) 13... Ne4 $15 14. Ne3 f5 15. Nd2 $2 {[%mdl 8192]} (15. Rc1 $17) 15... Nf4 (15... Qh4 $142 16. Re2 Nf4 {[%mdl 64] Double Attack}) 16. Bf1 $2 {[#]} (16. Nf3) 16... Qg5 $1 $19 {[%mdl 512] ( -> ...Nxh3+)} 17. Nxe4 fxe4 $2 (17... Nxh3+ 18. Kh1 dxe4) 18. Qg4 Qxg4 $2 ({Black should try} 18... Qf6 $1 $19 19. Kh1 h5) 19. Nxg4 h5 20. Ne5 Bxe5 21. dxe5 a5 22. g3 (22. Bc1 $11) 22... Ng6 23. c4 Rfe8 (23... Rf5 $11) 24. Rad1 Rad8 (24... a4 $11) 25. Be2 (25. h4 $16) 25... h4 $14 26. Bh5 Kh7 27. Bxg6+ (27. Re3 {looks sharper.} dxc4 28. bxc4 hxg3 29. fxg3 Rxd1+ 30. Bxd1 Rc8 31. Bg4) 27... Kxg6 28. gxh4 dxc4 29. bxc4 Rd3 30. Rxd3 ({Better is} 30. Bd4 $11) 30... exd3 $11 {[%mdl 4096] Endgame KRB-KRB} 31. Bc1 {White is now going downhill.} Ba6 32. Bd2 Bxc4 33. Re4 $2 (33. a3 $15) 33... Bxa2 $19 34. Rg4+ Kh7 35. h5 (35. Rd4 $142) 35... Bd5 36. Rh4 Rf8 37. h6 {[#] hxg7+ is the strong threat.} g6 (37... g5 $142 $1 {[%mdl 512]} 38. Rd4 (38. Bxg5 Rg8) 38... Rf3) 38. Rg4 $2 (38. Rd4 {is a better defense.}) 38... Rf7 (38... b5 $142 {Strongly threatening ...b4.} 39. Bxa5 Ra8) 39. h4 b5 40. h5 $2 (40. Bxa5 $17 Ra7 41. Bb4) 40... gxh5 41. Rg5 b4 42. Rxh5 Rb7 43. Rh4 a4 (43... b3 $142 44. Bc3 {[#]} d2 $1 {[%mdl 512]} 45. Rd4 b2 46. Bxb2 Rxb2 47. Kh2 a4 48. Kh3 a3 49. Kg3 a2 50. Kf4 a1=Q 51. Rxd5 exd5 52. Kf5 d1=Q 53. f3 Kxh6 54. Kg4 Qg1+ 55. Kf5 Qg6+ 56. Kf4 Qg5#) 44. Rd4 b3 {Black mates.} 45. Rxd3 b2 46. Rg3 b1=Q+ {Accuracy: White = 21%, Black = 44%.} 0-1

[Event "Stay Safe Play From Home 232"]
[Site "Emanuel Lasker Arena"]
[Date "2020.06.17"]
[Round "6"]
[White "Emresenar"]
[Black "Don59as"]
[Result "0-1"]
[WhiteElo "1819"]
[BlackElo "2087"]
[Annotator "NA RC"]
[PlyCount "76"]
[EventDate "2020.06.17"]
[EventType "swiss (blitz)"]

1. e4 {[%emt 0:00:01]} e5 {[%emt 0:00:01]} 2. Nf3 {[%emt 0:00:01]} Nc6 {[%emt 0:00:01]} 3. Bb5 {[%emt 0:00:00]} f5 {[%emt 0:00:02]} 4. O-O {[%emt 0:00:02]} Nf6 {[%emt 0:00:01]} 5. Bxc6 {[%emt 0:00:02]} dxc6 {[%emt 0:00:01]} 6. Nxe5 {[%emt 0:00:01]} fxe4 {[%emt 0:00:00]} 7. Re1 {[%emt 0:00:02]} Bd6 {[%emt 0:00:01]} 8. d4 {[%emt 0:00:01]} O-O {[%emt 0:00:01]} 9. Bg5 {[%emt 0:00:02]} Qe8 {[%emt 0:00:01]} 10. Bxf6 {[%emt 0:00:02]} gxf6 {[%emt 0:00:00]} 11. Ng4 {[%emt 0:00:02]} Qg6 {[%emt 0:00:02]} 12. h3 {[%emt 0:00:09]} f5 {[%emt 0:00:02]} 13. Ne5 {[%emt 0:00:02]} Qg7 {[%emt 0:00:02]} 14. f4 {[%emt 0:00:02]} exf3 {[%emt 0:00:03]} 15. Qxf3 {[%emt 0:00:02]} Be6 {[%emt 0:00:04]} 16. Nc3 {[%emt 0:00:02]} Rae8 {[%emt 0:00:02]} 17. a3 {[%emt 0:00:04]} f4 {[%emt 0:00:01]} 18. Ne4 {[%emt 0:00:02]} Bd5 {[%emt 0:00:01]} 19. c4 {[%emt 0:00:02]} Bxe5 {[%emt 0:00:02]} 20. dxe5 {[%emt 0:00:03]} Bxe4 {[%emt 0:00:03]} 21. Rxe4 {[%emt 0:00:03]} Rxe5 {[%emt 0:00:01]} 22. Rxf4 {[%emt 0:00:02]} Rfe8 {[%emt 0:00:01]} 23. Rf1 {[%emt 0:00:02]} R5e7 {[%emt 0:00:02]} 24. Rg4 {[%emt 0:00:01]} h6 {[%emt 0:00:05]} 25. Rxg7+ {[%emt 0:00:01]} Rxg7 {[%emt 0:00:00]} 26. Qh5 {[%emt 0:00:01]} Ree7 {[%emt 0:00:01]} 27. Rf4 {[%emt 0:00:01]} Re6 {[%emt 0:00:03]} 28. Rg4 {[%emt 0:00:01]} Rxg4 {[%emt 0:00:01]} 29. Qxg4+ {[%emt 0:00:01]} Kf7 {[%emt 0:00:00]} 30. Qh5+ {[%emt 0:00:00]} Ke7 {[%emt 0:00:01]} 31. Qf3 {[%emt 0:00:00]} Rf6 {[%emt 0:00:01]} 32. Kh2 {[%emt 0:00:00]} Rxf3 {[%emt 0:00:01]} 33. gxf3 {[%emt 0:00:00]} Kf6 {[%emt 0:00:00]} 34. f4 {[%emt 0:00:00]} Kf5 {[%emt 0:00:00]} 35. Kg3 {[%emt 0:00:00]} c5 {[%emt 0:00:00]} 36. Kf3 {[%emt 0:00:00]} a5 {[%emt 0:00:00]} 37. b3 {[%emt 0:00:00]} c6 {[%emt 0:00:00]} 38. a4 {[%emt 0:00:00]} b5 {[%emt 0:00:00] Zaman (Lag: Av=0.78s, max=0.9s)} 0-1

[Event "Stay Safe Play From Home 232"]
[Site "Emanuel Lasker Arena"]
[Date "2020.06.17"]
[Round "6"]
[White "Grizzzly"]
[Black "Haxhi Baha"]
[Result "0-1"]
[WhiteElo "1799"]
[BlackElo "2009"]
[Annotator "TA"]
[PlyCount "100"]
[EventDate "2020.06.17"]
[EventType "swiss (blitz)"]

{[%evp 13,99,87,88,-5,50,0,13,-52,-65,-56,0,-5,-22,-41,-38,-151,-156,-151,-151,-155,-158,-148,-146,-156,-137,-164,-150,-177,-171,-164,-178,-183,-168,-174,-173,-201,-162,-214,-195,-247,-260,-303,-268,-535,-527,-548,-517,-545,-538,-1060,-661,-658,-656,-634,-651,-781,-784,-829,-734,-852,-523,-1346,-1295,-29978,-29978,-29988,-29989,-29992,-29993,-29995,-29992,-29992,-29991,-29991,-29992,-29992,-29993,-29993,-29994,-29995,-29996,-29996,-29997,-29997,-29998,-29998,-29998,-29999]} 1. d4 d5 2. c4 e5 3. dxe5 d4 4. Nf3 Nc6 5. g3 Nge7 6. Bg2 Bg4 7. O-O Qd7 8. Bf4 {D09: Albin Counter Gambit: Main line with 5 g3.} (8. Qb3 $16) 8... Ng6 (8... O-O-O $11) 9. Nbd2 Bh3 {[#]} 10. Ne4 $146 (10. Bxh3 $11 Qxh3 11. e3) ({Predecessor:} 10. Nb3 Nxf4 11. gxf4 Bxg2 12. Kxg2 Qg4+ 13. Kh1 Qxf4 14. Nfxd4 O-O-O 15. e3 Qxe5 16. Qg4+ {0-1 (24) Sorakunnas,O-Miettinen,S Finland 1965}) 10... Bxg2 $1 $15 11. Kxg2 Nxf4+ ({Black should play} 11... Qf5 $15 12. Qd3 Nxf4+ 13. gxf4 Qxf4) 12. gxf4 $11 Qg4+ 13. Ng3 Qxf4 14. Qd2 {White is on the road to losing.} (14. e3 $15 dxe3 {[%mdl 64] Discovered Attack} 15. Qd5) 14... Qxd2 $17 15. Nxd2 Nxe5 16. Rad1 O-O-O 17. Nf3 Nxf3 18. Kxf3 Bc5 19. a3 a5 20. Rfe1 g6 21. Ne4 Be7 22. Rd3 f5 23. Nd2 c5 24. a4 b6 25. Nb3 (25. Nf1 $142) 25... Bf6 26. Red1 (26. Na1 $142) 26... Rhe8 $19 27. R1d2 Re4 28. e3 $2 (28. Kg2) 28... dxe3 {[%mdl 64] [#] Discovered Attack} 29. Rxd8+ Bxd8 30. fxe3 {[%mdl 4096] Endgame KRB-KRN} Bg5 31. Rd6 Kc7 32. Rd3 {Now Nd2 and White clings on.} Rxc4 33. Nd2 Rxa4 34. Rb3 Rh4 35. Nf1 Rh3+ 36. Ng3 f4 {[%mdl 64] [#] Pin} 37. e4 fxg3 38. hxg3 {KRB-KR} Bh4 {Black mates.} 39. e5 Rxg3+ 40. Kf4 Rxb3 41. e6 Rxb2 42. e7 Kd7 43. e8=Q+ Kxe8 44. Kg4 a4 45. Kxh4 {KR-K} a3 46. Kh3 a2 47. Kh4 a1=Q 48. Kg5 Qf1 49. Kh6 Kf7 50. Kxh7 Rh2# {Accuracy: White = 24%, Black = 73%.} 0-1

[Event "Stay Safe Play From Home 232"]
[Site "Emanuel Lasker Arena"]
[Date "2020.06.17"]
[Round "6"]
[White "Das opfer"]
[Black "Shyamph1980"]
[Result "0-1"]
[WhiteElo "1651"]
[BlackElo "1459"]
[Annotator "NA RC"]
[PlyCount "62"]
[EventDate "2020.06.17"]
[EventType "swiss (blitz)"]

1. d4 {[%emt 0:00:02]} Nf6 {[%emt 0:00:02]} 2. c4 {[%emt 0:00:01]} e6 {[%emt 0:00:00]} 3. Nc3 {[%emt 0:00:01]} Bb4 {[%emt 0:00:01]} 4. Nf3 {[%emt 0:00:02]} b6 {[%emt 0:00:01]} 5. e3 {[%emt 0:00:01]} Bb7 {[%emt 0:00:01]} 6. Bd3 {[%emt 0:00:01]} d5 {[%emt 0:00:01]} 7. Bd2 {[%emt 0:00:01]} dxc4 {[%emt 0:00:01]} 8. Bxc4 {[%emt 0:00:01]} c5 {[%emt 0:00:01]} 9. Qc2 {[%emt 0:00:01]} cxd4 {[%emt 0:00:01]} 10. exd4 {[%emt 0:00:01]} Bxc3 {[%emt 0:00:02]} 11. Bxc3 {[%emt 0:00:01]} Ne4 {[%emt 0:00:02]} 12. O-O-O {[%emt 0:00:02]} Nxc3 {[%emt 0:00:02]} 13. Qxc3 {[%emt 0:00:01]} O-O {[%emt 0:00:01]} 14. Kb1 {[%emt 0:00:01]} Nc6 {[%emt 0:00:01]} 15. Bd3 {[%emt 0:00:01]} Qf6 {[%emt 0:00:05]} 16. Qd2 {[%emt 0:00:01]} Rad8 {[%emt 0:00:05]} 17. Qc2 {[%emt 0:00:03]} Nxd4 {[%emt 0:00:01]} 18. Nxd4 {[%emt 0:00:01]} Rxd4 {[%emt 0:00:02]} 19. Rhg1 {[%emt 0:00:03]} Rfd8 {[%emt 0:00:03]} 20. g4 {[%emt 0:00:01]} Qf3 {[%emt 0:00:02]} 21. Bxh7+ {[%emt 0:00:03]} Kh8 {[%emt 0:00:02]} 22. Rxd4 {[%emt 0:00:01]} Rxd4 {[%emt 0:00:05]} 23. Rc1 {[%emt 0:00:04]} g6 {[%emt 0:00:04]} 24. Bxg6 {[%emt 0:00:02]} fxg6 {[%emt 0:00:02]} 25. Qxg6 {[%emt 0:00:01]} Be4+ {[%emt 0:00:02]} 26. Qxe4 {[%emt 0:00:03]} Qxe4+ {[%emt 0:00:01]} 27. Ka1 {[%emt 0:00:01]} Kg7 {[%emt 0:00:01]} 28. a3 {[%emt 0:00:01]} Kf6 {[%emt 0:00:01]} 29. Rc8 {[%emt 0:00:02]} Qd5 {[%emt 0:00:01]} 30. Rf8+ {[%emt 0:00:01]} Ke7 {[%emt 0:00:02]} 31. Rh8 {[%emt 0:00:01]} Rd1# {[%emt 0:00:01] (Lag: Av=0.54s, max=0.7s)} 0-1

[Event "Stay Safe Play From Home 232"]
[Site "Emanuel Lasker Arena"]
[Date "2020.06.17"]
[Round "6"]
[White "Trotsky"]
[Black "Tartak"]
[Result "0-1"]
[WhiteElo "1447"]
[BlackElo "1768"]
[Annotator "NA RC"]
[PlyCount "66"]
[EventDate "2020.06.17"]
[EventType "swiss (blitz)"]

1. d4 {[%emt 0:00:01]} e6 {[%emt 0:00:01]} 2. e3 {[%emt 0:00:00]} d5 {[%emt 0:00:02]} 3. c4 {[%emt 0:00:00]} c5 {[%emt 0:00:01]} 4. Nc3 {[%emt 0:00:00]} cxd4 {[%emt 0:00:01]} 5. exd4 {[%emt 0:00:01]} Nf6 {[%emt 0:00:01]} 6. Be3 {[%emt 0:00:01]} Nc6 {[%emt 0:00:01]} 7. Nf3 {[%emt 0:00:01]} Bd6 {[%emt 0:00:02]} 8. a3 {[%emt 0:00:02]} O-O {[%emt 0:00:01]} 9. c5 {[%emt 0:00:00]} Bc7 {[%emt 0:00:01]} 10. Bd3 {[%emt 0:00:01]} Qe7 {[%emt 0:00:03]} 11. Qc2 {[%emt 0:00:00]} e5 {[%emt 0:00:02]} 12. O-O-O {[%emt 0:00:01]} e4 {[%emt 0:00:01]} 13. Ng5 {[%emt 0:00:01]} exd3 {[%emt 0:00:02]} 14. Qxd3 {[%emt 0:00:01]} g6 {[%emt 0:00:03]} 15. h3 {[%emt 0:00:01]} Bf5 {[%emt 0:00:02]} 16. Qe2 {[%emt 0:00:03]} b6 {[%emt 0:00:02]} 17. g4 {[%emt 0:00:01]} Be4 {[%emt 0:00:02]} 18. f3 {[%emt 0:00:01]} bxc5 {[%emt 0:00:04]} 19. fxe4 {[%emt 0:00:01]} cxd4 {[%emt 0:00:01]} 20. Bxd4 {[%emt 0:00:02]} Nxd4 {[%emt 0:00:02]} 21. Rxd4 {[%emt 0:00:01]} dxe4 {[%emt 0:00:01]} 22. Ncxe4 {[%emt 0:00:05]} Be5 {[%emt 0:00:03]} 23. Nxf6+ {[%emt 0:00:03]} Qxf6 {[%emt 0:00:01]} 24. Rf1 {[%emt 0:00:03]} Qxg5+ {[%emt 0:00:03]} 25. Kb1 {[%emt 0:00:04]} Bxd4 {[%emt 0:00:01]} 26. h4 {[%emt 0:00:01]} Qc5 {[%emt 0:00:02]} 27. h5 {[%emt 0:00:02]} Rab8 {[%emt 0:00:04]} 28. hxg6 {[%emt 0:00:05]} hxg6 {[%emt 0:00:03]} 29. Qd3 {[%emt 0:00:08]} Rxb2+ {[%emt 0:00:01]} 30. Ka1 {[%emt 0:00:01]} Rd2+ {[%emt 0:00:01]} 31. Kb1 {[%emt 0:00:01]} Rxd3 {[%emt 0:00:01]} 32. Rc1 {[%emt 0:00:01]} Rb8+ {[%emt 0:00:01]} 33. Ka2 {[%emt 0:00:01]} Qd5+ {[%emt 0:00:01] Âðåìÿ (Lag: Av=0.63s, max=1.1s)} 0-1

[Event "Stay Safe Play From Home 232"]
[Site "Emanuel Lasker Arena"]
[Date "2020.06.17"]
[Round "7"]
[White "Broken sword"]
[Black "Fischer_11"]
[Result "1-0"]
[WhiteElo "2471"]
[BlackElo "2037"]
[Annotator "NA RC"]
[PlyCount "97"]
[EventDate "2020.06.17"]
[EventType "swiss (blitz)"]

1. e4 {[%emt 0:00:01]} Nf6 {[%emt 0:00:02]} 2. e5 {[%emt 0:00:01]} Nd5 {[%emt 0:00:01]} 3. d4 {[%emt 0:00:00]} d6 {[%emt 0:00:01]} 4. Nf3 {[%emt 0:00:00]} dxe5 {[%emt 0:00:01]} 5. Nxe5 {[%emt 0:00:00]} Nd7 {[%emt 0:00:02]} 6. Nf3 {[%emt 0:00:01]} e6 {[%emt 0:00:01]} 7. Bd3 {[%emt 0:00:01]} c5 {[%emt 0:00:01]} 8. c3 {[%emt 0:00:01]} cxd4 {[%emt 0:00:01]} 9. Nxd4 {[%emt 0:00:00]} Nc5 {[%emt 0:00:02]} 10. Bc2 {[%emt 0:00:00]} Be7 {[%emt 0:00:01]} 11. O-O {[%emt 0:00:01]} Bf6 {[%emt 0:00:00]} 12. Nd2 {[%emt 0:00:01]} O-O {[%emt 0:00:01]} 13. N2f3 {[%emt 0:00:01]} b6 {[%emt 0:00:02]} 14. Re1 {[%emt 0:00:01]} Bb7 {[%emt 0:00:00]} 15. a4 {[%emt 0:00:02]} a6 {[%emt 0:00:01]} 16. Nb3 {[%emt 0:00:02]} Qc7 {[%emt 0:00:02]} 17. Nxc5 {[%emt 0:00:01]} Qxc5 {[%emt 0:00:00]} 18. Qd3 {[%emt 0:00:00]} g6 {[%emt 0:00:02]} 19. Qe2 {[%emt 0:00:01]} Bg7 {[%emt 0:00:01]} 20. Bg5 {[%emt 0:00:02]} Rac8 {[%emt 0:00:02]} 21. Rad1 {[%emt 0:00:01]} Qc6 {[%emt 0:00:01]} 22. Nd4 {[%emt 0:00:03]} Nxc3 {[%emt 0:00:02]} 23. Nxc6 {[%emt 0:00:01]} Nxe2+ {[%emt 0:00:01]} 24. Rxe2 {[%emt 0:00:00]} Bxc6 {[%emt 0:00:01]} 25. b3 {[%emt 0:00:02]} Bd5 {[%emt 0:00:02]} 26. h3 {[%emt 0:00:02]} Rc3 {[%emt 0:00:02]} 27. b4 {[%emt 0:00:01]} Rc4 {[%emt 0:00:02]} 28. b5 {[%emt 0:00:02]} axb5 {[%emt 0:00:01]} 29. axb5 {[%emt 0:00:00]} Rc5 {[%emt 0:00:01]} 30. Bd3 {[%emt 0:00:01]} Rfc8 {[%emt 0:00:03]} 31. Be3 {[%emt 0:00:01]} Rc3 {[%emt 0:00:04]} 32. Bxb6 {[%emt 0:00:01]} Bb3 {[%emt 0:00:02]} 33. Rb1 {[%emt 0:00:02]} Bc2 {[%emt 0:00:02]} 34. Bxc2 {[%emt 0:00:01]} Rxc2 {[%emt 0:00:00]} 35. Rxc2 {[%emt 0:00:01]} Rxc2 {[%emt 0:00:00]} 36. Be3 {[%emt 0:00:01]} Rb2 {[%emt 0:00:03]} 37. Rxb2 {[%emt 0:00:02]} Bxb2 {[%emt 0:00:00]} 38. b6 {[%emt 0:00:01]} Be5 {[%emt 0:00:00]} 39. b7 {[%emt 0:00:01]} Bb8 {[%emt 0:00:01]} 40. f4 {[%emt 0:00:01]} Kf8 {[%emt 0:00:00]} 41. Bd4 {[%emt 0:00:03]} Ke7 {[%emt 0:00:00]} 42. Be5 {[%emt 0:00:00]} Bxe5 {[%emt 0:00:02]} 43. fxe5 {[%emt 0:00:00]} Kd7 {[%emt 0:00:00]} 44. b8=Q {[%emt 0:00:01]} f6 {[%emt 0:00:00]} 45. Qd6+ {[%emt 0:00:01]} Ke8 {[%emt 0:00:01]} 46. Qxe6+ {[%emt 0:00:01]} Kf8 {[%emt 0:00:01]} 47. exf6 {[%emt 0:00:01]} h6 {[%emt 0:00:02]} 48. Qe7+ {[%emt 0:00:00]} Kg8 {[%emt 0:00:01]} 49. Qg7# {[%emt 0:00:00] (Lag: Av=0.24s, max=0.3s)} 1-0